00307nam a2200109Ia 4500008004100000020001800041082001600059100001900075245004800094260004500142300001000187191014s9999 xx 000 0 und d a0-19-851730-0 a530.13bYEO aJ. M. Yeomans  0aStatistical Mechanics of Phase Transitions  aNew York bOxford University Pressc1997 aX,153